Ibsen: (Record no. 361926)
[ view plain ]
| 000 -LEADER | |
|---|---|
| fixed length control field | 00466nam a22001457a 4500 |
| 008 - FIXED-LENGTH DATA ELEMENTS--GENERAL INFORMATION | |
| fixed length control field | 190620b xxu||||| |||| 00| 0 eng d |
| 020 ## - INTERNATIONAL STANDARD BOOK NUMBER | |
| International Standard Book Number | 0451524063 |
| 050 ## - LIBRARY OF CONGRESS CALL NUMBER | |
| Classification number | PT 8854 |
| Item number | .Ib14 1992 vol.1 |
| 100 ## - MAIN ENTRY--PERSONAL NAME | |
| Personal name | Henrik Ibsen |
| 245 ## - TITLE STATEMENT | |
| Title | Ibsen: |
| Remainder of title | four major plays volume I/ |
| Statement of responsibility, etc | Henrik Ibsen |
| 260 ## - PUBLICATION, DISTRIBUTION, ETC. (IMPRINT) | |
| Place of publication, distribution, etc | New York: |
| Name of publisher, distributor, etc | Signet Classic |
| Date of publication, distribution, etc | 1992 |
| 300 ## - PHYSICAL DESCRIPTION | |
| Extent | xxxviii, 384 p. : 170 cm. |
| 440 ## - SERIES STATEMENT/ADDED ENTRY--TITLE | |
| Title | A doll house, The wild duck, Hedda gabler, The Master Builder |
| 942 ## - ADDED ENTRY ELEMENTS (KOHA) | |
| Source of classification or shelving scheme | Library of Congress Classification |
| Item type | Books |
| Withdrawn status | Lost status | Source of classification or shelving scheme | Damaged status | Home library | Current library | Shelving location | Date acquired | Total Checkouts | Full call number | Barcode | Date last seen | Price effective from | Koha item type |
|---|---|---|---|---|---|---|---|---|---|---|---|---|---|
| Library of Congress Classification | Luxembourg Library | Luxembourg Library | High School Section | 06/20/2019 | PT 8854 .Ib14 1992 vol.1 | 1831 | 06/20/2019 | 06/20/2019 | Books |